书目信息 |
| 题名: |
平板网架设计与施工图集
|
|
| 作者: | 刘锡良 主编 | |
| 分册: | ||
| 出版信息: | 天津 天津大学出版社 2000.06 |
|
| 页数: | 392页 | |
| 开本: | 16开 | |
| 丛书名: | ||
| 单 册: | ||
| 中图分类: | TU356-64 | |
| 科图分类: | ||
| 主题词: | 建筑结构--特殊形式 | |
| 电子资源: | ||
| ISBN: | 7-5618-1304-X | |
| 000 | 00588nam0 2200193 45 | |
| 001 | 0012151584 | |
| 005 | 20001215154219.2 | |
| 010 | @a7-5618-1304-X@d36.00元 | |
| 100 | @a20001215d2000 km y0chiy0120 ea | |
| 101 | 0 | @achi |
| 105 | @a z 000yy | |
| 200 | 1 | @a平板网架设计与施工图集@APing Ban Wang Jia She Ji Yu Shi Gong Tu Ji@f刘锡良主编@FLiu Xi Liang Zhu Bian |
| 210 | @a天津@c天津大学出版社@d2000.06 | |
| 215 | @a392页@d16开 | |
| 606 | 0 | @a建筑结构@x特殊形式 |
| 690 | @aTU356-64@v3 | |
| 701 | 0 | @a刘锡良@4主编 |
| 801 | @aCN@bPftUser@c20001215 | |
| 905 | @b314078-080@dTU356-64@eL464@f3 | |
| 平板网架设计与施工图集/刘锡良主编.-天津:天津大学出版社,2000.06 |
| 392页;16开 |
| ISBN 7-5618-1304-X:36.00元 |
| ● |
| 相关链接 |
|
|
|
正题名:平板网架设计与施工图集
索取号:TU356-64/L464
 
预约/预借
| 序号 | 登录号 | 条形码 | 馆藏地/架位号 | 状态 | 备注 |
| 1 | 314078 | 203140788 | 土木与交通工程学院资料室/土木与交通学院资料室 1排1列1层/ [索取号:TU356-64/L464] | 在馆 | |
| 2 | 314079 | 203140797 | 建筑库101/101建筑库 83排4列3层/ [索取号:TU356-64/L464] | 在馆 | |
| 3 | 314080 | 203140804 | 土木与交通工程学院资料室/土木与交通学院资料室 1排1列1层/ [索取号:TU356-64/L464] | 在馆 |